[Event "San Francisco TNM Summer op"]
[Site "San Francisco"]
[Date "2006.07.25"]
[Round "7"]
[White "Dembling, Arthur"]
[Black "Lupton, Stephen"]
[Result "1/2-1/2"]
[WhiteElo "1674"]
[BlackElo "1356"]
[PlyCount "90"]
[EventDate "2006.06.06"]
[EventType "swiss"]
[EventRounds "8"]
[EventCountry "USA"]
[SourceTitle "EXT 2007"]
[Source "ChessBase"]
[SourceDate "2006.11.23"]
[SourceVersion "1"]
[SourceVersionDate "2006.11.23"]
[SourceQuality "1"]

1. e4 e5 2. Nf3 Nc6 3. Bb5 a6 4. Bxc6 dxc6 5. 0-0 Qf6 6. h3 Bd6 7. d4 Ne7 8. dxe5 Bxe5 9. Nxe5 Qxe5 10. Re1 0-0 11. Nc3 Be6 12. Qf3 Ng6 13. Be3 f5 14. Rad1 Rae8 15. Bd4 Qf4 16. Qxf4 Nxf4 17. Be5 fxe4 18. Bxc7 Nd5 19. Nxd5 cxd5 20. Bd6 Rf7 21. c3 Rd7 22. Bc5 Kf7 23. Bd4 g5 24. Re3 h5 25. Rg3 Rg8 26. Re1 h4 27. Rge3 g4 28. Kh2 gxh3 29. gxh3 Bf5 30. Rg1 Rdd8 31. Ree1 Rg6 32. Rxg6 Bxg6 33. Rg1 Rg8 34. Rg4 Bh5 35. Rxg8 Kxg8 36. Be3 Kg7 37. Bg5 Kg6 38. Bxh4 Bf3 39. Kg3 Kf5 40. Be7 b5 41. Bd8 Be2 42. Bc7 Bf3 43. Bd8 Be2 44. Bc7 Bf3 45. h4 Bh5 1/2-1/2

[Event "San Francisco TNM Summer op"]
[Site "San Francisco"]
[Date "2006.06.27"]
[Round "4"]
[White "Brown, Nicholas"]
[Black "Lupton, Stephen"]
[Result "1/2-1/2"]
[WhiteElo "1460"]
[BlackElo "1356"]
[PlyCount "99"]
[EventDate "2006.06.06"]
[EventType "swiss"]
[EventRounds "8"]
[EventCountry "USA"]
[SourceTitle "EXT 2007"]
[Source "ChessBase"]
[SourceDate "2006.11.23"]
[SourceVersion "1"]
[SourceVersionDate "2006.11.23"]
[SourceQuality "1"]

1. d4 d5 2. c4 e6 3. Nf3 Nf6 4. Bg5 Be7 5. Nc3 c6 6. e3 Nbd7 7. Bd3 dxc4 8. Bxc4 b5 9. Bd3 b4 10. Ne2 c5 11. 0-0 0-0 12. Qc2 Nd5 13. Bxe7 Qxe7 14. Bxh7+ Kh8 15. Be4 a5 16. Rac1 Ba6 17. Rfe1 c4 18. Ne5 N7b6 19. Nf4 Nxf4 20. exf4 Bb7 21. Bxb7 Qxb7 22. Nxc4 Rfc8 23. Qd3 Nd5 24. Qf3 Ra6 25. Ne5 Rc7 26. Rxc7 Qxc7 27. f5 f6 28. Ng6+ Kg8 29. fxe6 Rxe6 30. Rd1 Qc2 31. Rf1 Re4 32. Qb3 Qxb3 33. axb3 Rxd4 34. g3 Rd2 35. Ra1 Rxb2 36. Rxa5 Nc3 37. Ne7+ Kf7 38. Nd5 Rxb3 39. Nxc3 bxc3 40. Rc5 Ke6 41. Kf1 Kd6 42. Rc4 Kd5 43. Rc8 Kd4 44. Ke2 Rb2+ 45. Kd1 Rxf2 46. Rd8+ Ke5 47. h4 Rd2+ 48. Rxd2 cxd2 49. Kxd2 Kf5 50. Ke3 1/2-1/2

[Event "San Francisco TNM Winter op"]
[Site "San Francisco"]
[Date "2006.01.24"]
[Round "3"]
[White "Lupton, Stephen"]
[Black "Guarino, Robert"]
[Result "0-1"]
[WhiteElo "1326"]
[BlackElo "1587"]
[PlyCount "110"]
[EventDate "2006.01.10"]
[EventType "swiss"]
[EventRounds "7"]
[EventCountry "USA"]
[SourceTitle "EXT 2007"]
[Source "ChessBase"]
[SourceDate "2006.11.23"]
[SourceVersion "1"]
[SourceVersionDate "2006.11.23"]
[SourceQuality "1"]

1. e4 e6 2. d3 d5 3. Nd2 Nf6 4. e5 Nfd7 5. d4 c5 6. c3 Nc6 7. Ndf3 Qb6 8. Rb1 f6 9. Bf4 cxd4 10. Nxd4 fxe5 11. Nxc6 bxc6 12. Bxe5 Nxe5 13. Qh5+ Ng6 14. Bd3 h6 15. Bxg6+ Kd8 16. Qe5 Qc7 17. Nf3 Bd6 18. Qh5 Ba6 19. Rd1 c5 20. Qh4+ Kd7 21. Bd3 c4 22. Be2 Rab8 23. Rd2 g5 24. Qg4 Bf4 25. Rxd5+ Ke7 26. Rd4 Rxb2 27. g3 Be5 28. Nxe5 Qxe5 29. Qe4 Qxe4 30. Rxe4 Bb7 31. Bf3 Bxe4 32. Bxe4 Rxa2 33. 0-0 Rd8 34. Re1 Rdd2 35. Rf1 Ra3 36. Re1 Raa2 37. Rf1 a5 38. Bc6 Rdc2 39. Rd1 Rxf2 40. Bb5 Rg2+ 41. Kf1 Rxh2 42. Kg1 Rag2+ 43. Kf1 Rxg3 44. Bxc4 Rh1+ 45. Ke2 Rxd1 46. Kxd1 Rxc3 47. Be2 Re3 48. Bg4 Rg3 49. Be2 Rg2 50. Bf3 Rh2 51. Kc1 Kd6 52. Bg4 e5 53. Bf3 Kc5 54. Bd1 Rh1 55. Kd2 Rxd1+ 0-1

[Event "San Francisco TNM Winter op"]
[Site "San Francisco"]
[Date "2006.01.17"]
[Round "2"]
[White "Oca Homer, Nicolas"]
[Black "Lupton, Stephen"]
[Result "1-0"]
[WhiteElo "1678"]
[BlackElo "1326"]
[PlyCount "79"]
[EventDate "2006.01.10"]
[EventType "swiss"]
[EventRounds "7"]
[EventCountry "USA"]
[SourceTitle "EXT 2007"]
[Source "ChessBase"]
[SourceDate "2006.11.23"]
[SourceVersion "1"]
[SourceVersionDate "2006.11.23"]
[SourceQuality "1"]

1. h3 Nf6 2. a3 e5 3. d3 Nc6 4. e3 d5 5. Nc3 Be6 6. g4 d4 7. Ne4 Nxe4 8. dxe4 Bc5 9. exd4 Qxd4 10. Qf3 Rd8 11. Bd3 0-0 12. Ne2 Qd6 13. 0-0 Nd4 14. Nxd4 Qxd4 15. Rd1 Rd7 16. Be3 Qxb2 17. Bxc5 Rfd8 18. Rab1 Qc3 19. Bb4 Qc6 20. Qg3 Bc4 21. Qxe5 Bxd3 22. cxd3 Rxd3 23. Rxd3 Rxd3 24. Qe7 h6 25. Kg2 Kh7 26. Rb2 Qc4 27. Qe5 b6 28. Bf8 f6 29. Qe7 Qg8 30. h4 c5 31. g5 fxg5 32. hxg5 Kg6 33. f4 Kh5 34. Bxg7 Kg4 35. gxh6 Rg3+ 36. Kf2 Rf3+ 37. Ke1 Re3+ 38. Kd2 Qc4 39. Kxe3 Qc3+ 40. Bxc3 1-0

[Event "San Francisco TNM Winter op"]
[Site "San Francisco"]
[Date "2006.01.10"]
[Round "1"]
[White "Lupton, Stephen"]
[Black "Nochomovitz, Yigal"]
[Result "0-1"]
[WhiteElo "1326"]
[BlackElo "1840"]
[PlyCount "70"]
[EventDate "2006.01.10"]
[EventType "swiss"]
[EventRounds "7"]
[EventCountry "USA"]
[SourceTitle "EXT 2007"]
[Source "ChessBase"]
[SourceDate "2006.11.23"]
[SourceVersion "1"]
[SourceVersionDate "2006.11.23"]
[SourceQuality "1"]

1. e4 e6 2. d3 d5 3. Nd2 Nc6 4. g3 e5 5. Bg2 Be6 6. Ngf3 Qd7 7. h3 Be7 8. Qe2 d4 9. a3 a5 10. Nf1 h6 11. g4 0-0-0 12. Ng3 g6 13. 0-0 h5 14. Ng5 Bxg5 15. Bxg5 f6 16. Bxf6 Nxf6 17. g5 Nh7 18. h4 Bg4 19. f3 Bh3 20. Kh2 Bxg2 21. Qxg2 Rhf8 22. Rf2 Rf4 23. Qh3 Rdf8 24. Raf1 Kd8 25. Ne2 R4f7 26. Qg3 Qd6 27. f4 exf4 28. Nxf4 Ne5 29. Qh3 Ng4+ 30. Kg3 Nxf2 31. Rxf2 Rxf4 32. Rxf4 Qxf4+ 33. Kg2 Qf1+ 34. Kg3 Rf3+ 35. Kh2 Rxh3# 0-1

[Event "San Francisco Stamer Memorial"]
[Site "San Francisco"]
[Date "2005.06.05"]
[Round "4"]
[White "Lupton, Stephen"]
[Black "Chillakanti, Kartik"]
[Result "0-1"]
[WhiteElo "1396"]
[BlackElo "1339"]
[PlyCount "72"]
[EventDate "2005.06.04"]
[EventType "swiss"]
[EventRounds "6"]
[EventCountry "USA"]
[SourceTitle "EXT 2007"]
[Source "ChessBase"]
[SourceDate "2006.11.23"]
[SourceVersion "1"]
[SourceVersionDate "2006.11.23"]
[SourceQuality "1"]

1. e4 e6 2. d3 d5 3. Nd2 c5 4. g3 b6 5. Bg2 Bb7 6. Ne2 Nf6 7. 0-0 Be7 8. h3 Na6 9. c3 Qc7 10. f4 h6 11. e5 Nd7 12. d4 f6 13. Nf3 fxe5 14. fxe5 g5 15. Qd3 0-0-0 16. Qg6 Qc6 17. h4 gxh4 18. Nxh4 Bxh4 19. gxh4 Rdg8 20. Qh5 Rg7 21. Rf7 Rxf7 22. Qxf7 Rf8 23. Qg7 Qb5 24. Nf4 Nc7 25. Bh3 Ba6 26. b3 cxd4 27. Bd2 dxc3 28. Bxc3 Rxf4 29. Bd2 Qc5+ 30. Kh2 Rf2+ 31. Kg3 Rxd2 32. Qxh6 Qc3+ 33. Kf4 Rd4+ 34. Kg5 Qg3+ 35. Kh5 Be2+ 36. Bg4 Qxg4# 0-1

[Event "San Francisco Stamer Memorial"]
[Site "San Francisco"]
[Date "2005.06.04"]
[Round "3"]
[White "Kitano, Hugo"]
[Black "Lupton, Stephen"]
[Result "0-1"]
[WhiteElo "1537"]
[BlackElo "1396"]
[PlyCount "42"]
[EventDate "2005.06.04"]
[EventType "swiss"]
[EventRounds "6"]
[EventCountry "USA"]
[SourceTitle "EXT 2007"]
[Source "ChessBase"]
[SourceDate "2006.11.23"]
[SourceVersion "1"]
[SourceVersionDate "2006.11.23"]
[SourceQuality "1"]

1. e4 e5 2. Nf3 Nc6 3. Bc4 Bc5 4. b4 Bxb4 5. c3 Ba5 6. d4 d6 7. dxe5 Bg4 8. exd6 cxd6 9. Qb3 Qc7 10. Ng5 Ne5 11. Bb5+ Bd7 12. Bxd7+ Qxd7 13. 0-0 Nh6 14. Rd1 0-0 15. Ba3 Rfd8 16. Rxd6 Qg4 17. Rxd8+ Rxd8 18. h3 Qxg5 19. Bc5 Nf3+ 20. Kf1 Qc1+ 21. Ke2 Ng1# 0-1

[Event "San Francisco Stamer Memorial"]
[Site "San Francisco"]
[Date "2005.06.04"]
[Round "2"]
[White "Woebcke, Carl"]
[Black "Lupton, Stephen"]
[Result "1-0"]
[WhiteElo "1637"]
[BlackElo "1396"]
[PlyCount "71"]
[EventDate "2005.06.04"]
[EventType "swiss"]
[EventRounds "6"]
[EventCountry "USA"]
[SourceTitle "EXT 2007"]
[Source "ChessBase"]
[SourceDate "2006.11.23"]
[SourceVersion "1"]
[SourceVersionDate "2006.11.23"]
[SourceQuality "1"]

1. e4 e5 2. f4 exf4 3. Nf3 g5 4. h4 g4 5. Ne5 d6 6. Nxg4 h5 7. Nf2 f5 8. d3 fxe4 9. Nxe4 d5 10. Ng5 Qf6 11. Be2 Bf5 12. Bxh5+ Bg6 13. Bxg6+ Qxg6 14. Bxf4 Qb6 15. Qg4 Nd7 16. Ne6 Bd6 17. Qg6+ Ke7 18. Bg5+ Ngf6 19. Rf1 Rhg8 20. Bxf6+ Nxf6 21. Qxf6+ Kd7 22. Nd4 Bg3+ 23. Kd2 Qxf6 24. Rxf6 Be5 25. Rf5 Rxg2+ 26. Kc3 Kd6 27. b4 Rg4 28. Rxe5 Kxe5 29. Nf3+ Kf4 30. Nbd2 Re8 31. Rf1 Re3 32. Nh2+ Kg3 33. Rg1+ Kxh2 34. Rxg4 Rh3 35. Rg7 Rxh4 36. Nf3+ 1-0